| 000 | 00508nam a22001577a 4500 | ||
|---|---|---|---|
| 003 | NUST | ||
| 038 | _a. | ||
| 082 | _a200 THE | ||
| 100 |
_aMALIK HARIS _970040 |
||
| 110 |
_aSupervisor Dr. Shoab Ahmed Khan,Co-Supervisor Dr. Muzzam A. Khan & Dr. Muzzam A. Khan _985109 |
||
| 245 | _aTH-SOF-1209-QoS Based Efficient Bandwidth Utilization Mechanism for Cellular Network | ||
| 260 |
_aIslamabad _bNUST College of EME _c2015 |
||
| 563 | _a. | ||
| 650 |
_aMS-COMPUTER ENGINEERING-77 _985110 |
||
| 942 |
_cTHE _2ddc |
||
| 999 |
_c577098 _d577098 |
||